Particle Physics in the New Millennium Proceedings of the 8th Adriatic Meeting /

This book contains the extended lectures of the 8th Adriatic meeting which is traditionally devoted to the presentation of lectures on the most advanced scientific topics to young scientists, who actively participate, on an international level, in the development of their respective fields. The emph...

Full description

Bibliographic Details
Corporate Author: SpringerLink (Online service)
Other Authors: Trampetic, Josip (Editor, http://id.loc.gov/vocabulary/relators/edt), Wess, Julius (Editor, http://id.loc.gov/vocabulary/relators/edt)
Format: Electronic eBook
Language:English
Published: Berlin, Heidelberg : Springer Berlin Heidelberg : Imprint: Springer, 2003.
Edition:1st ed. 2003.
Series:Lecture Notes in Physics, 616
Subjects:
Online Access:Full Text via HEAL-Link
LEADER 07681nam a2200625 4500
001 978-3-540-36539-6
003 DE-He213
005 20191021212340.0
007 cr nn 008mamaa
008 121227s2003 gw | s |||| 0|eng d
020 |a 9783540365396  |9 978-3-540-36539-6 
024 7 |a 10.1007/3-540-36539-7  |2 doi 
040 |d GrThAP 
050 4 |a QC770-798 
072 7 |a PHP  |2 bicssc 
072 7 |a SCI051000  |2 bisacsh 
072 7 |a PHP  |2 thema 
082 0 4 |a 539.7  |2 23 
245 1 0 |a Particle Physics in the New Millennium  |h [electronic resource] :  |b Proceedings of the 8th Adriatic Meeting /  |c edited by Josip Trampetic, Julius Wess. 
250 |a 1st ed. 2003. 
264 1 |a Berlin, Heidelberg :  |b Springer Berlin Heidelberg :  |b Imprint: Springer,  |c 2003. 
300 |a XI, 367 p. 46 illus.  |b online resource. 
336 |a text  |b txt  |2 rdacontent 
337 |a computer  |b c  |2 rdamedia 
338 |a online resource  |b cr  |2 rdacarrier 
347 |a text file  |b PDF  |2 rda 
490 1 |a Lecture Notes in Physics,  |x 0075-8450 ;  |v 616 
505 0 |a Neutrino Physics, Cosmology -- Models of Neutrino Masses and Mixing -- Dark Matter in the Galaxy -- Neutrino Masses in GUTs and Baryon Asymmetry -- Neutrinos in the New Century -- The Intriguing Distribution of Dark Matter in Galaxies -- Particle Physics Phenomenology -- Some Aspects of B Decays -- The Flavour and CP Problems in SUSY -- Family Replicated Fit of All Quark and Lepton Masses and Mixings -- Nonleptonic Two Body B Decays and CP Violation -- States of Strongly Interacting Matter -- Ghost-Free APT Analysis of Perturbative QCD Observables -- Perturbative Logarithms and Power Corrections in QCD Hadronic Functions. -- Bounds on tan ? in the MSSM from Top Quark Production at TeV Energies -- Experimental Particle Physics -- Diffractive Physics in the Near Future -- Observation of Direct CP Violation in Kaon Decays -- The CMS Experiment and Physics at the LHC -- The ATLAS Detector and Physics Potential -- Flavour Oscillation and CP Violation: Experimental Results on B Mesons -- Noncommutative Field Theories -- A Short Review of Noncommutative Field Theory -- Regularization and Renormalization of Quantum Field Theories on Noncommutative Spaces -- Physical Instances of Noncommuting Coordinates -- Particle Physics on Noncommutative Space-Time -- Gauge Theories on Noncommutative Spaces -- Diverse Topics in Theoretical Physics -- QCD2 with Massless Quarks in Terms of Currents -- Physics of the Monopoles in QCD -- Some Recent Results of Electromagnetic Nucleon Form Factors Measurements Using Transfer of Polarization -- Some Recent Results of Electromagnetic Nucleon Form Factors Measurements Using Transfer of Polarization -- Dyons in Nonabelian Born-Infeld Theory -- Dyons in Nonabelian Born-Infeld Theory -- One-Loop Finite Relations in the Standard Model -- One-Loop Finite Relations in the Standard Model -- Gravitational Wave Bursts from Brane World Neutrino Oscillations During Supernova Collapse -- Gravitational Wave Bursts from Brane World Neutrino Oscillations During Supernova Collapse -- Towards Adelic Noncommutative Quantum Mechanics -- Towards Adelic Noncommutative Quantum Mechanics -- Three Loop Leading Top Mass Contributions to the ? Parameter -- Three Loop Leading Top Mass Contributions to the ? Parameter -- ?S = 2 Decays of B - Meson -- ?S = 2 Decays of B - Meson -- Charmonium Hadro-Production at HERA-B -- Charmonium Hadro-Production at HERA-B -- Finite Chern-Simons Matrix Model - Algebraic Approach -- Finite Chern-Simons Matrix Model - Algebraic Approach -- Expectations for Charged Higgs in CMS -- Expectations for Charged Higgs in CMS -- Heavy Ion Physics in CMS -- Heavy Ion Physics in CMS -- Tracking in a High Rate Environment -- Tracking in a High Rate Environment -- Resonances from Strongly-Interacting Electroweak Symmetry Breaking Sector at Future e + e - Colliders -- Resonances from Strongly-Interacting Electroweak Symmetry Breaking Sector at Future e + e - Colliders -- Predictions for Deeply Virtual Compton Scattering on a Spin-One Target -- Predictions for Deeply Virtual Compton Scattering on a Spin-One Target -- H ? ?? Studies in CMS -- H ? ?? Studies in CMS -- Self-gravitating Bosons at Finite Temperature -- Self-gravitating Bosons at Finite Temperature -- BLM Scale for the Pion Transition Form Factor -- BLM Scale for the Pion Transition Form Factor -- Radiatively Induced Conversions of Massive Neutrinos -- Radiatively Induced Conversions of Massive Neutrinos -- Pion and Vacuum Properties in the Nonlocal NJL Model -- Pion and Vacuum Properties in the Nonlocal NJL Model -- Black Hole Entropy from Horizon CFT in Gauss-Bonnet Gravity -- Black Hole Entropy from Horizon CFT in Gauss-Bonnet Gravity -- An Overview of the Sources for Electroweak Baryogenesis -- An Overview of the Sources for Electroweak Baryogenesis -- Quantum Corrections for BTZ Black Hole via 2D Reduced Model -- Quantum Corrections for BTZ Black Hole via 2D Reduced Model -- Squarks and Gluino Searches with CMS at LHC -- Squarks and Gluino Searches with CMS at LHC -- Target Mass Effects and the Jost-Lehmann-Dyson Representation for Structure Functions -- Target Mass Effects and the Jost-Lehmann-Dyson Representation for Structure Functions -- Family Replicated Calculation of Baryogenesis -- Family Replicated Calculation of Baryogenesis -- Measurement of sin(2?) with BaBar -- Measurement of sin(2?) with BaBar -- Rare Decay D 0 ???* -- Rare Decay D 0 ???*. 
520 |a This book contains the extended lectures of the 8th Adriatic meeting which is traditionally devoted to the presentation of lectures on the most advanced scientific topics to young scientists, who actively participate, on an international level, in the development of their respective fields. The emphasis of the present meeting was on gauge theories, particle phenomenology, string theories and cosmology. The accompanying CD-ROM contains 27 additional contributions, of a length somewhat shorter than 25 presented in the printed book. . 
650 0 |a Nuclear physics. 
650 0 |a Elementary particles (Physics). 
650 0 |a Quantum field theory. 
650 0 |a String theory. 
650 0 |a Astrophysics. 
650 0 |a Gravitation. 
650 0 |a Particle acceleration. 
650 1 4 |a Particle and Nuclear Physics.  |0 http://scigraph.springernature.com/things/product-market-codes/P23002 
650 2 4 |a Elementary Particles, Quantum Field Theory.  |0 http://scigraph.springernature.com/things/product-market-codes/P23029 
650 2 4 |a Quantum Field Theories, String Theory.  |0 http://scigraph.springernature.com/things/product-market-codes/P19048 
650 2 4 |a Astrophysics and Astroparticles.  |0 http://scigraph.springernature.com/things/product-market-codes/P22022 
650 2 4 |a Classical and Quantum Gravitation, Relativity Theory.  |0 http://scigraph.springernature.com/things/product-market-codes/P19070 
650 2 4 |a Particle Acceleration and Detection, Beam Physics.  |0 http://scigraph.springernature.com/things/product-market-codes/P23037 
700 1 |a Trampetic, Josip.  |e editor.  |4 edt  |4 http://id.loc.gov/vocabulary/relators/edt 
700 1 |a Wess, Julius.  |e editor.  |4 edt  |4 http://id.loc.gov/vocabulary/relators/edt 
710 2 |a SpringerLink (Online service) 
773 0 |t Springer eBooks 
776 0 8 |i Printed edition:  |z 9783662144152 
776 0 8 |i Printed edition:  |z 9783540007111 
776 0 8 |i Printed edition:  |z 9783662144145 
830 0 |a Lecture Notes in Physics,  |x 0075-8450 ;  |v 616 
856 4 0 |u https://doi.org/10.1007/3-540-36539-7  |z Full Text via HEAL-Link 
912 |a ZDB-2-PHA 
912 |a ZDB-2-LNP 
912 |a ZDB-2-BAE 
950 |a Physics and Astronomy (Springer-11651)